[Event "ARG-chT"]
[Site "Villa Martelli"]
[Date "2017.09.23"]
[Round "8.1"]
[White "Rodriguez Vila, Andres"]
[Black "Langier, Daniel"]
[Result "1-0"]
[WhiteElo "2483"]
[BlackElo "2374"]
[PlyCount "53"]
[EventDate "2017.08.05"]
[EventType "team-swiss"]
[EventRounds "9"]
[EventCountry "ARG"]
[SourceTitle "EXT 2018"]
[Source "ChessBase"]
[SourceDate "2017.10.13"]
[SourceVersion "1"]
[SourceVersionDate "2017.10.13"]
[SourceQuality "1"]
[WhiteTeam "Republica Martelli"]
[BlackTeam "Ferro Carril Oeste"]
[WhiteTeamCountry "ARG"]
[BlackTeamCountry "ARG"]

1. e4 c5 2. Nf3 d6 3. d4 cxd4 4. Nxd4 Nf6 5. Nc3 g6 6. Be3 Bg7 7. f3 Nc6 8. Qd2 0-0 9. 0-0-0 d5 10. exd5 Nxd5 11. Nxc6 bxc6 12. Bd4 e5 13. Bc5 Be6 14. Ne4 Qb8 15. Bxf8 Qxf8 16. g4 Rb8 17. Bc4 f5 18. gxf5 Bh6 19. Ng5 Qb4 20. Qxb4 Rxb4 21. Rhg1 Bxf5 22. Bxd5+ cxd5 23. Rxd5 Rh4 24. Rxe5 Rxh2 25. Rc5 Bg7 26. Rxf5 Bd4 27. Ne6 1-0

[Event "ARG-chT"]
[Site "Villa Martelli"]
[Date "2015.10.10"]
[Round "7.3"]
[White "Langier, Daniel"]
[Black "Kapitanchuk, Tomas"]
[Result "1/2-1/2"]
[WhiteElo "2378"]
[BlackElo "1954"]
[PlyCount "93"]
[EventDate "2015.08.29"]
[EventType "team-swiss"]
[EventRounds "9"]
[EventCountry "ARG"]
[SourceTitle "EXT 2017"]
[Source "ChessBase"]
[SourceDate "2016.10.25"]
[SourceVersion "1"]
[SourceVersionDate "2016.10.25"]
[SourceQuality "1"]
[WhiteTeam "Ferro Carril Oeste"]
[BlackTeam "Quilmes"]
[WhiteTeamCountry "ARG"]
[BlackTeamCountry "ARG"]

1. e4 c5 2. Nc3 Nc6 3. g3 g6 4. Bg2 Bg7 5. d3 d6 6. Be3 Rb8 7. Qd2 b5 8. Nge2 b4 9. Nd1 Nd4 10. 0-0 e6 11. Nc1 Ne7 12. a3 bxa3 13. Rxa3 Nec6 14. f4 0-0 15. c3 Nb5 16. Ra2 Qc7 17. Qf2 Rd8 18. g4 f5 19. Qh4 Ne7 20. gxf5 exf5 21. c4 Nd4 22. Nc3 Be6 23. Nd5 Bxd5 24. cxd5 Nc2 25. Bd2 Rb5 26. b3 Nd4 27. Re1 Rd7 28. Bc3 Nxb3 29. Bxg7 Kxg7 30. Nxb3 Rxb3 31. e5 Ng8 32. Ra6 Rxd3 33. Rc6 Qb8 34. exd6 Qf8 35. Ra1 Nf6 36. Qe1 Nxd5 37. Qe5+ Nf6 38. Raa6 Qe8 39. Rc7 Rd1+ 40. Bf1 Kf7 41. Raxa7 R1xd6 42. Qxd6 Qe3+ 43. Kh1 Qe4+ 44. Kg1 Qe3+ 45. Kg2 Qe4+ 46. Kg1 Qe3+ 47. Kg2 1/2-1/2

[Event "LNA Puma Cup"]
[Site "Argentina"]
[Date "2006.10.21"]
[Round "8"]
[White "Pradines, Emanuel"]
[Black "Langier, Daniel"]
[Result "0-1"]
[WhiteElo "1812"]
[BlackElo "2395"]
[PlyCount "64"]
[EventDate "2006.09.03"]
[EventType "swiss"]
[EventRounds "8"]
[EventCountry "ARG"]
[SourceTitle "EXT 2008"]
[Source "ChessBase"]
[SourceDate "2007.11.25"]
[SourceVersion "1"]
[SourceVersionDate "2007.11.25"]
[SourceQuality "1"]

1. e4 c5 2. Nf3 d6 3. d4 cxd4 4. Nxd4 Nf6 5. Nc3 g6 6. Be3 Bg7 7. f3 0-0 8. Qd2 d5 9. e5 Nfd7 10. e6 Nb6 11. exf7+ Rxf7 12. 0-0-0 Nc6 13. h4 Ne5 14. h5 Nbc4 15. Bxc4 Nxc4 16. Qd3 Qb6 17. b3 Nxe3 18. hxg6 Qxg6 19. Qxe3 e5 20. Nxd5 exd4 21. Ne7+ Rxe7 22. Qxe7 Bf5 23. g4 Bxc2 24. Qxb7 Re8 25. Rd2 d3 26. Qd5+ Qe6 27. Qh5 h6 28. Rdh2 Rc8 29. g5 Bxb3+ 30. Kd2 Rc2+ 31. Kxd3 Qc4+ 32. Ke3 Qd4# 0-1

[Event "Buenos Aires-chT Intercoop 30th"]
[Site "Buenos Aires"]
[Date "2004.09.18"]
[Round "5"]
[White "Langier, Daniel"]
[Black "Bulcourf, Carlos"]
[Result "1-0"]
[WhiteElo "2395"]
[BlackElo "2274"]
[PlyCount "55"]
[EventDate "2004.08.21"]
[EventType "team"]
[EventRounds "7"]
[EventCountry "ARG"]
[SourceTitle "CBM 102 Extra"]
[Source "ChessBase"]
[SourceDate "2004.11.03"]
[SourceVersion "1"]
[SourceVersionDate "2004.11.03"]
[SourceQuality "1"]

1. e4 c5 2. Nf3 Nc6 3. Nc3 Nd4 4. Bc4 e6 5. d3 Ne7 6. 0-0 Nec6 7. Re1 Be7 8. Nxd4 cxd4 9. Ne2 0-0 10. Nf4 Bg5 11. Qh5 Bh6 12. c3 d6 13. Bb3 Qf6 14. Ne2 Bxc1 15. Raxc1 Bd7 16. Ba4 dxc3 17. Rxc3 Rfd8 18. Rec1 g6 19. Qh6 Nb4 20. Bxd7 Rxd7 21. a3 Nc6 22. f4 Rad8 23. g4 d5 24. e5 Qg7 25. Qh4 g5 26. Qh5 Qg6 27. d4 Qxh5 28. gxh5 1-0

[Event "Buenos Aires Intercoop 28th"]
[Site "Buenos Aires"]
[Date "2002.??.??"]
[Round "4"]
[White "Bulcourf, Carlos"]
[Black "Langier, Daniel"]
[Result "1-0"]
[WhiteElo "2261"]
[BlackElo "2395"]
[PlyCount "43"]
[EventDate "2002.08.24"]
[EventType "team"]
[EventRounds "7"]
[EventCountry "ARG"]
[SourceTitle "EXT 2003"]
[Source "ChessBase"]
[SourceDate "2002.11.25"]
[SourceVersion "1"]
[SourceVersionDate "2002.11.25"]
[SourceQuality "1"]

1. b4 d5 2. Nf3 Qd6 3. c4 dxc4 4. e3 Qxb4 5. Na3 Bf5 6. Nxc4 Qc5 7. Ba3 Qd5 8. Nce5 b5 9. d3 Bg6 10. Qc2 c6 11. Rc1 e6 12. e4 Qd8 13. Nxc6 Qb6 14. Bxf8 Kxf8 15. Nfe5 Nf6 16. Nxb8 Rxb8 17. Be2 Qa5+ 18. Kf1 Qb6 19. g4 Qd6 20. Qc7 Rd8 21. Qxd6+ Rxd6 22. Nxg6+ 1-0

[Event "Buenos Aires Intercoop 28th"]
[Site "Buenos Aires"]
[Date "2002.??.??"]
[Round "3"]
[White "Langier, Daniel"]
[Black "Varela, Gaston"]
[Result "1/2-1/2"]
[WhiteElo "2395"]
[BlackElo "2382"]
[PlyCount "113"]
[EventDate "2002.08.24"]
[EventType "team"]
[EventRounds "7"]
[EventCountry "ARG"]
[SourceTitle "EXT 2003"]
[Source "ChessBase"]
[SourceDate "2002.11.25"]
[SourceVersion "1"]
[SourceVersionDate "2002.11.25"]
[SourceQuality "1"]

1. e4 c5 2. Nf3 e6 3. d4 cxd4 4. Nxd4 a6 5. Bd3 Bc5 6. Nb3 Ba7 7. 0-0 Nc6 8. Qe2 Nge7 9. Be3 e5 10. Nc3 0-0 11. Bxa7 Rxa7 12. Nd5 d6 13. c4 Be6 14. Qe3 Ra8 15. Nb6 Rb8 16. Rad1 Ng6 17. g3 Nd4 18. Nxd4 Qxb6 19. Nxe6 Qxe3 20. fxe3 fxe6 21. Be2 Rbd8 22. Bg4 Rxf1+ 23. Rxf1 Nf8 24. b4 Rc8 25. Be2 Rc7 26. a4 Rf7 27. Rb1 Rc7 28. Rd1 Rd7 29. a5 Kf7 30. b5 Ke7 31. Rb1 Rc7 32. bxa6 bxa6 33. Rb6 Ra7 34. c5 dxc5 35. Bc4 Kd7 36. Kf2 Kc7 37. Ke2 Ra8 38. Kd2 Rd8+ 39. Kc3 Rd6 40. Rxd6 Kxd6 41. Bxa6 Nd7 42. Kc4 Kc7 43. Bb5 Nf6 44. Kxc5 Nxe4+ 45. Kb4 Nf6 46. Kc5 Ng4 47. Bc4 Nxe3 48. Bxe6 Kb7 49. Bc4 Ng4 50. h4 Nf6 51. Kd6 Ne4+ 52. Kxe5 Nxg3 53. Bd3 h6 54. Bg6 Ka6 55. Ke6 Kxa5 56. Kf7 Kb6 57. Kxg7 1/2-1/2

[Event "Buenos Aires tt2"]
[Site "Buenos Aires"]
[Date "2000.??.??"]
[Round "6"]
[White "Bernal, Gustavo"]
[Black "Langier, Daniel"]
[Result "0-1"]
[WhiteElo "2120"]
[BlackElo "2395"]
[PlyCount "84"]
[EventDate "2000.??.??"]
[EventType "team"]
[EventRounds "7"]
[EventCountry "ARG"]
[SourceTitle "EXT 2001"]
[Source "ChessBase"]
[SourceDate "2000.11.22"]
[SourceVersion "1"]
[SourceVersionDate "2000.11.22"]
[SourceQuality "1"]

1. d4 f5 2. g3 Nf6 3. Bg2 e6 4. c4 Be7 5. Nf3 0-0 6. 0-0 d6 7. Nc3 Ne4 8. Qc2 Nxc3 9. bxc3 Nc6 10. e4 e5 11. Re1 f4 12. d5 Na5 13. gxf4 exf4 14. c5 Bg4 15. c4 b6 16. c6 Qc8 17. Kh1 Bxf3 18. Bxf3 Qh3 19. Qe2 Nxc4 20. Bg4 Qc3 21. Bxf4 Rxf4 22. Rac1 Qd4 23. Rxc4 Qxf2 24. Qxf2 Rxf2 25. e5 dxe5 26. Rxe5 Bd6 27. Re2 Raf8 28. Be6+ Kh8 29. Rcc2 Rf1+ 30. Kg2 R1f6 31. Re4 h5 32. Bd7 Rg6+ 33. Kh3 Rg1 34. Re8 Rxe8 35. Bxe8 g6 36. Re2 Kg7 37. Re6 Bf8 38. Bd7 Rd1 39. Be8 Rxd5 40. Bxg6 Bd6 41. Be4 Rd4 42. Bf3 Rd2 0-1

[Event "Buenos Aires tt2"]
[Site "Buenos Aires"]
[Date "2000.??.??"]
[Round "1"]
[White "Negri, Sergio"]
[Black "Langier, Daniel"]
[Result "1-0"]
[WhiteElo "2345"]
[BlackElo "2395"]
[PlyCount "123"]
[EventDate "2000.??.??"]
[EventType "team"]
[EventRounds "7"]
[EventCountry "ARG"]
[SourceTitle "EXT 2001"]
[Source "ChessBase"]
[SourceDate "2000.11.22"]
[SourceVersion "1"]
[SourceVersionDate "2000.11.22"]
[SourceQuality "1"]

1. Nf3 f5 2. g3 Nf6 3. Bg2 e6 4. c4 Be7 5. 0-0 0-0 6. b3 d6 7. Bb2 Qe8 8. Nc3 e5 9. d4 Nc6 10. dxe5 dxe5 11. Nd5 Bd8 12. b4 e4 13. Nd4 Nxd4 14. Qxd4 c6 15. Nf4 Bc7 16. e3 Rf7 17. f3 Re7 18. Rfe1 Be5 19. Qd2 Bxb2 20. Qxb2 exf3 21. Bxf3 Rxe3 22. Qd2 Rxe1+ 23. Rxe1 Qd7 24. Qe3 Qf7 25. Qc5 g6 26. Re7 Qf8 27. Qd6 Ne8 28. Qe5 Nf6 29. Nd5 cxd5 30. Bxd5+ Nxd5 31. Qxd5+ Be6 32. Qxe6+ Kh8 33. Qe5+ Kg8 34. Qd5+ Kh8 35. Qxb7 Rd8 36. Rxh7+ Kg8 37. Qe7 Rd1+ 38. Kf2 Rd2+ 39. Ke3 Qxe7+ 40. Rxe7 Rxa2 41. b5 Kf8 42. Rh7 Ke8 43. Kd4 g5 44. Ke5 f4 45. gxf4 gxf4 46. Kxf4 Rc2 47. Ke5 Rxc4 48. Kd5 Ra4 49. Kc6 Ra2 50. h4 Ra4 51. Kb7 Ra5 52. Rh5 Kf7 53. Rc5 Kg6 54. h5+ Kh6 55. Rd5 Kg7 56. Kc7 Kh6 57. Kd6 Ra1 58. Kc6 Rc1+ 59. Kb7 Ra1 60. Rd6+ Kxh5 61. Ra6 Rb1 62. Ra5 1-0

[Event "Buenos Aires Intercoop 25th"]
[Site "Buenos Aires"]
[Date "1999.??.??"]
[Round "2"]
[White "Langier, Daniel"]
[Black "Nedilsky, Diego"]
[Result "1/2-1/2"]
[WhiteElo "2395"]
[BlackElo "2321"]
[PlyCount "61"]
[EventDate "1999.08.??"]
[EventType "team"]
[EventRounds "6"]
[EventCountry "ARG"]
[SourceTitle "EXT 2001"]
[Source "ChessBase"]
[SourceDate "2000.11.22"]
[SourceVersion "1"]
[SourceVersionDate "2000.11.22"]
[SourceQuality "1"]

1. e4 c5 2. Nf3 Nc6 3. d4 cxd4 4. Nxd4 g6 5. Nc3 Bg7 6. Be3 Nf6 7. Bc4 0-0 8. Bb3 a5 9. f3 d5 10. exd5 Nb4 11. Nde2 a4 12. Nxa4 Nfxd5 13. Bd2 Bf5 14. a3 b5 15. Nac3 Nxc3 16. Bxc3 Qxd1+ 17. Rxd1 Bxc3+ 18. Nxc3 Bxc2 19. Bxc2 Nxc2+ 20. Kf2 b4 21. axb4 Nxb4 22. Rd7 Rfb8 23. Rhd1 Na2 24. R1d2 Nxc3 25. bxc3 Rc8 26. Rc2 e5 27. Ke3 Ra3 28. Kd2 Kg7 29. Rd6 Rc4 30. Kd3 Rc5 31. Kd2 1/2-1/2

[Event "WchT U26 11th"]
[Site "Roque Saenz Pena"]
[Date "1997.08.14"]
[Round "9"]
[White "Tratar, Marko"]
[Black "Langier, Daniel"]
[Result "0-1"]
[WhiteElo "2395"]
[BlackElo "2410"]
[PlyCount "104"]
[EventDate "1997.08.06"]
[EventType "team-swiss"]
[EventRounds "9"]
[EventCountry "ARG"]
[SourceTitle "EXT 2020"]
[Source "ChessBase"]
[SourceDate "2019.10.17"]
[SourceVersion "1"]
[SourceVersionDate "2019.10.17"]
[SourceQuality "1"]
[WhiteTeam "Slovenia"]
[BlackTeam "Argentina II"]
[WhiteTeamCountry "SLO"]
[BlackTeamCountry "ARG"]

1. Nf3 f5 2. g3 Nf6 3. Bg2 d6 4. d4 e6 5. 0-0 Be7 6. c4 0-0 7. Nc3 Ne4 8. Qc2 Nxc3 9. Qxc3 Bf6 10. b4 Qe7 11. Bb2 Nc6 12. b5 Nd8 13. Rfe1 g5 14. e4 fxe4 15. Rxe4 Qg7 16. h3 c5 17. bxc6 bxc6 18. c5 d5 19. Re3 Nf7 20. Qd2 Rb8 21. Rae1 h5 22. Ra3 g4 23. hxg4 hxg4 24. Ne5 Bxe5 25. dxe5 Ng5 26. Bc1 Rf5 27. Ra4 Nf3+ 28. Bxf3 gxf3 29. Qh6 Qxh6 30. Bxh6 Rh5 31. Rg4+ Kh7 32. Bg7 Ba6 33. Bf6 Rb7 34. a3 Bd3 35. Rd1 Bf5 36. Rgd4 Bh3 37. g4 Rh6 38. Kh2 Bxg4+ 39. Kg3 Bf5 40. Rh4 Rxh4 41. Kxh4 Kg8 42. Rd4 Kf8 43. Rb4 Rb5 44. Rxb5 cxb5 45. Bg5 d4 46. Kg3 Ke8 47. Bc1 Kd7 48. Bb2 d3 49. Kxf3 Kc6 50. Ke3 Kxc5 51. Bd4+ Kc4 52. Bxa7 b4 0-1

[Event "Buenos Aires FMDA-chT"]
[Site "Buenos Aires"]
[Date "1996.??.??"]
[Round "5"]
[White "Langier, Daniel"]
[Black "Bulcourf, Carlos"]
[Result "0-1"]
[WhiteElo "2410"]
[BlackElo "2215"]
[PlyCount "120"]
[EventDate "1996.??.??"]
[EventType "team"]
[EventRounds "8"]
[EventCountry "ARG"]
[SourceTitle "EXT 2001"]
[Source "ChessBase"]
[SourceDate "2000.11.22"]
[SourceVersion "1"]
[SourceVersionDate "2000.11.22"]
[SourceQuality "1"]

1. e4 Nf6 2. e5 Nd5 3. d4 d6 4. Nf3 Bg4 5. Be2 Nc6 6. 0-0 dxe5 7. Nxe5 Nxe5 8. dxe5 Bxe2 9. Qxe2 Qd7 10. c4 Nb6 11. Rd1 Qc6 12. b3 e6 13. Nc3 Nd7 14. Bg5 h6 15. Bh4 Be7 16. Bxe7 Kxe7 17. Rd4 Rhd8 18. Rad1 Nf8 19. Qd2 Rxd4 20. Qxd4 Ng6 21. h4 Kf8 22. h5 Ne7 23. Rd3 a6 24. g4 b6 25. f4 Qe8 26. Qe4 Rd8 27. Rxd8 Qxd8 28. f5 exf5 29. gxf5 f6 30. exf6 gxf6 31. Ne2 Qd7 32. Nd4 Kf7 33. b4 c5 34. bxc5 bxc5 35. Qe6+ Ke8 36. Nb3 Qd1+ 37. Kf2 Qc2+ 38. Ke3 Qxa2 39. Nxc5 Qa3+ 40. Nd3 Qc3 41. Qxa6 Nxf5+ 42. Kf4 Qxd3 43. Qc8+ Kf7 44. Qxf5 Qxc4+ 45. Kg3 Qc3+ 46. Kg2 Qd2+ 47. Kh1 Ke7 48. Qc5+ Ke6 49. Qb6+ Ke5 50. Qc7+ Kf5 51. Qh7+ Kg4 52. Qg6+ Qg5 53. Kh2 f5 54. Kg2 Kh4+ 55. Kh2 Qf4+ 56. Kg2 Qg4+ 57. Kh2 Qe2+ 58. Kg1 Qxh5 59. Qd6 Qg5+ 60. Kh2 f4 0-1

[Event "Buenos Aires tt"]
[Site "Buenos Aires"]
[Date "1995.??.??"]
[Round "7"]
[White "Langier, Daniel"]
[Black "Bulcourf, Carlos"]
[Result "1-0"]
[WhiteElo "2395"]
[BlackElo "2225"]
[PlyCount "61"]
[EventDate "1995.??.??"]
[EventType "team"]
[EventRounds "7"]
[EventCountry "ARG"]
[SourceTitle "EXT 1998"]
[Source "ChessBase"]
[SourceDate "1997.11.17"]
[SourceVersion "1"]
[SourceVersionDate "1997.11.17"]
[SourceQuality "1"]

1. f4 d5 2. Nf3 Bg4 3. d4 Bxf3 4. exf3 e6 5. Be3 c6 6. Nc3 g6 7. Qd2 Bb4 8. Bd3 Nd7 9. 0-0 Ne7 10. Bf2 b5 11. a4 a6 12. Rfe1 0-0 13. g4 c5 14. axb5 c4 15. Bf1 axb5 16. Rxa8 Qxa8 17. Bh4 Re8 18. Kh1 Qa2 19. Qc1 Qa5 20. Qe3 Nf8 21. f5 exf5 22. Nxd5 Nxd5 23. Qxe8 Bxe1 24. Bxe1 c3 25. bxc3 fxg4 26. c4 Nc3 27. cxb5 gxf3 28. Qc6 f2 29. Bxc3 Qa2 30. Bd2 Qa1 31. Qc4 1-0

[Event "Buenos Aires JM ITT1"]
[Site "Buenos Aires"]
[Date "1995.??.??"]
[Round "?"]
[White "Langier, Daniel"]
[Black "Garbarino, Rodolfo"]
[Result "1-0"]
[WhiteElo "2360"]
[BlackElo "2420"]
[PlyCount "69"]
[EventDate "1995.01.??"]
[EventType "tourn"]
[EventRounds "14"]
[EventCountry "ARG"]
[EventCategory "4"]
[SourceTitle "EXT 2002"]
[Source "ChessBase"]
[SourceDate "2001.11.25"]
[SourceVersion "1"]
[SourceVersionDate "2001.11.25"]
[SourceQuality "1"]

1. e4 d6 2. d4 Nf6 3. Nc3 c6 4. Nf3 g6 5. h3 Bg7 6. Bg5 0-0 7. Qd2 d5 8. Bd3 Na6 9. e5 Nd7 10. 0-0 Nc7 11. Rfe1 c5 12. dxc5 Nxc5 13. Rad1 Nxd3 14. Qxd3 h6 15. Bh4 Bf5 16. Qd2 g5 17. Bg3 e6 18. h4 g4 19. Nd4 Bg6 20. Nce2 Na6 21. Nf4 Nc5 22. Nxg6 fxg6 23. Qe2 h5 24. b4 Ne4 25. Nxe6 Nxg3 26. Qd3 Qb6 27. Nxf8 Rxf8 28. Qxg3 Bh6 29. Re2 Bf4 30. Qd3 g3 31. Qxd5+ Kg7 32. Qd4 gxf2+ 33. Kf1 Qa6 34. e6+ Kh7 35. e7 1-0

[Event "Buenos Aires GP1"]
[Site "Buenos Aires"]
[Date "1994.??.??"]
[Round "7"]
[White "Langier, Daniel"]
[Black "Tanner, Pedro"]
[Result "1-0"]
[WhiteElo "2305"]
[BlackElo "2055"]
[PlyCount "55"]
[EventDate "1994.??.??"]
[EventType "swiss"]
[EventRounds "9"]
[EventCountry "ARG"]
[SourceTitle "EXT 1998"]
[Source "ChessBase"]
[SourceDate "1997.11.17"]
[SourceVersion "1"]
[SourceVersionDate "1997.11.17"]
[SourceQuality "1"]

1. e4 e5 2. Nf3 Nc6 3. Bc4 Bc5 4. c3 Qe7 5. d4 Bb6 6. Bg5 Nf6 7. d5 Nb8 8. d6 cxd6 9. Na3 a6 10. Bd5 Nc6 11. Nh4 Qf8 12. Bxf6 gxf6 13. Nf5 Bc7 14. Nc4 b5 15. Nce3 h5 16. h4 Bb7 17. a4 bxa4 18. Qxa4 0-0-0 19. b4 Bb6 20. Nc4 Ba7 21. b5 axb5 22. Qxb5 Bc5 23. Rb1 Ba8 24. Nb6+ Bxb6 25. Qa6+ Kc7 26. Qxb6+ Kc8 27. Ra1 Bb7 28. Ra7 1-0

[Event "Buenos Aires OATD op"]
[Site "Buenos Aires"]
[Date "1994.??.??"]
[Round "7"]
[White "Seminara, Juan Pablo"]
[Black "Langier, Daniel"]
[Result "1/2-1/2"]
[WhiteElo "2170"]
[BlackElo "2305"]
[PlyCount "77"]
[EventDate "1994.05.21"]
[EventType "swiss"]
[EventRounds "7"]
[EventCountry "ARG"]
[SourceTitle "EXT 2002"]
[Source "ChessBase"]
[SourceDate "2001.11.25"]
[SourceVersion "1"]
[SourceVersionDate "2001.11.25"]
[SourceQuality "1"]

1. e4 d5 2. exd5 Nf6 3. d4 Nxd5 4. c4 Nb6 5. Nf3 g6 6. Be2 Bg7 7. 0-0 0-0 8. Nc3 Nc6 9. d5 Ne5 10. Nxe5 Bxe5 11. Bh6 Re8 12. Re1 e6 13. Qd2 exd5 14. cxd5 a6 15. a4 Bf5 16. Bf1 Qh4 17. g3 Qb4 18. a5 Nd7 19. Ra4 Qd6 20. Rc4 Bf6 21. Rxe8+ Rxe8 22. h3 Ne5 23. Rf4 Bg7 24. Bxg7 Kxg7 25. g4 Bd3 26. Bg2 f6 27. Rd4 Bb5 28. Ne4 Qf8 29. Qc3 c6 30. d6 Nd7 31. g5 f5 32. Nf6 Nxf6 33. d7 Rd8 34. Rd1 Qf7 35. Qd4 Qe7 36. gxf6+ Qxf6 37. Qd6 f4 38. Bf3 Qg5+ 39. Kh2 1/2-1/2

[Event "Mar del Plata op"]
[Site "Mar del Plata"]
[Date "1994.??.??"]
[Round "3"]
[White "Sorokin, Maxim"]
[Black "Langier, Daniel"]
[Result "0-1"]
[WhiteElo "2520"]
[BlackElo "2305"]
[PlyCount "94"]
[EventDate "1994.04.??"]
[EventType "swiss"]
[EventRounds "9"]
[EventCountry "ARG"]
[SourceTitle "EXT 1997"]
[Source "ChessBase"]
[SourceDate "1996.11.15"]
[SourceVersion "1"]
[SourceVersionDate "1996.11.15"]
[SourceQuality "1"]

1. Nf3 f5 2. g3 Nf6 3. Bg2 e6 4. 0-0 Be7 5. d4 0-0 6. c4 d6 7. Nc3 Qe8 8. b3 a5 9. Ba3 Na6 10. Rc1 Rb8 11. Qc2 c6 12. Nd2 e5 13. e3 Nb4 14. Bxb4 axb4 15. Na4 b6 16. dxe5 dxe5 17. c5 b5 18. Nb6 e4 19. f3 Nd5 20. Nxd5 cxd5 21. Nb1 Qc6 22. a3 bxa3 23. b4 Ra8 24. Nc3 Be6 25. Rfd1 Bf6 26. Ne2 Ra4 27. Nd4 Bxd4 28. Rxd4 a2 29. Ra1 Rfa8 30. f4 Ra3 31. Kf2 Qb7 32. Qd2 Kf8 33. Bf1 Qa6 34. Be2 Rb3 35. Qc1 Qa3 36. Qxa3 Raxa3 37. Rd2 d4 38. Rdxa2 dxe3+ 39. Kg2 Rxa2 40. Rxa2 Rxb4 41. Ra8+ Ke7 42. Ra7+ Kf6 43. Ra6 Rb2 44. Kf1 Ke7 45. Ra7+ Kd8 46. Rb7 Bc4 47. Bxc4 Rf2+ 0-1

[Event "Buenos Aires FMDA-A U18"]
[Site "Buenos Aires"]
[Date "1993.??.??"]
[Round "4"]
[White "Diaz Hollemaert, Nahuel Carlos"]
[Black "Langier, Daniel"]
[Result "1/2-1/2"]
[WhiteElo "2180"]
[BlackElo "2315"]
[PlyCount "29"]
[EventDate "1993.??.??"]
[EventType "swiss"]
[EventRounds "5"]
[EventCountry "ARG"]
[SourceTitle "EXT 2002"]
[Source "ChessBase"]
[SourceDate "2001.11.25"]
[SourceVersion "1"]
[SourceVersionDate "2001.11.25"]
[SourceQuality "1"]

1. Nf3 Nf6 2. c4 g6 3. Nc3 Bg7 4. e4 d6 5. d4 0-0 6. Be2 e5 7. d5 a5 8. Bg5 h6 9. Bh4 Na6 10. Nd2 Qe8 11. a3 Bd7 12. b3 Nh7 13. 0-0 f5 14. f3 f4 15. b4 1/2-1/2

[Event "PAN-ch U18"]
[Site "Rancagua"]
[Date "1993.??.??"]
[Round "4"]
[White "Escandon, Federico"]
[Black "Langier, Daniel"]
[Result "0-1"]
[WhiteElo "2120"]
[BlackElo "2315"]
[PlyCount "52"]
[EventDate "1993.??.??"]
[EventType "tourn"]
[EventRounds "13"]
[EventCountry "PAN"]
[SourceTitle "Juniors"]
[Source "ChessBase"]
[SourceDate "1999.07.01"]
[SourceVersion "1"]
[SourceVersionDate "1999.07.01"]
[SourceQuality "1"]

1. e4 c5 2. Nf3 Nc6 3. d4 cxd4 4. Nxd4 Nf6 5. Nc3 d6 6. Be2 e5 7. Nb3 Be7 8. 0-0 0-0 9. f4 exf4 10. Bxf4 Be6 11. Kh1 Rc8 12. Bf3 Ne5 13. Nd4 Qb6 14. Nd5 Nxd5 15. exd5 Nxf3 16. Nxf3 Bf5 17. Nd4 Bg6 18. b3 Bf6 19. Be3 Rc3 20. Bg1 Qd8 21. Nf5 Re8 22. Nh6+ gxh6 23. Rxf6 Qxf6 24. Bd4 Re1+ 25. Qxe1 Qxd4 26. Rd1 Re3 0-1

[Event "Punta del Este"]
[Site "Punta del Este"]
[Date "1993.??.??"]
[Round "8"]
[White "Escofet Fernandez, Jaime"]
[Black "Langier, Daniel"]
[Result "1/2-1/2"]
[WhiteElo "2235"]
[BlackElo "2315"]
[PlyCount "62"]
[EventDate "1993.??.??"]
[EventType "tourn"]
[EventRounds "9"]
[EventCountry "URU"]
[EventCategory "1"]
[SourceTitle "EXT 1999"]
[Source "ChessBase"]
[SourceDate "1998.11.16"]
[SourceVersion "1"]
[SourceVersionDate "1998.11.16"]
[SourceQuality "1"]

1. e4 d5 2. exd5 Nf6 3. c4 c6 4. d4 cxd5 5. Nc3 Nc6 6. Nf3 Bg4 7. cxd5 Nxd5 8. Qb3 Bxf3 9. gxf3 e6 10. Qxb7 Nxd4 11. Bb5+ Nxb5 12. Qc6+ Ke7 13. Qxb5 Qd7 14. Nxd5+ Qxd5 15. Qxd5 exd5 16. Be3 Ke6 17. 0-0-0 Rc8+ 18. Kb1 Bc5 19. Rhe1 Bxe3 20. Rxe3+ Kd6 21. Ra3 Rhe8 22. Rxa7 Re2 23. Ra6+ Ke5 24. Ra5 Rd8 25. Ra7 Rxf2 26. Rxf7 Rb8 27. b3 Ra8 28. a4 Rb8 29. Rd3 Rc8 30. Rd7 Rcc2 31. R3xd5+ Ke6 1/2-1/2